MARC

LEADER 00000nam0a2200000 4500
001 110774
005 20231031120555.0
035 |a (RuTPU)RU\TPU\book\119633 
090 |a 110774 
100 |a 20070301d1964 k y0rusy50 ca 
101 0 |a rus 
102 |a RU 
105 |a a z 001zy 
200 1 |a Моторные и реактивные масла и жидкости  |f отв. ред. К. К. Папок и Е. Г. Семенидо 
205 |a 4-е изд., перераб. и доп. 
210 |a Москва  |c Химия  |d 1964 
215 |a 704 с.  |c ил. 
320 |a Библиогр. в конце гл. 
610 1 |a моторные масла 
610 1 |a реактивные масла 
610 1 |a трение 
610 1 |a смазка 
610 1 |a углеводородные масла 
610 1 |a термические свойства 
610 1 |a вязкостные присадки 
610 1 |a депрессорные присадки 
610 1 |a противоокислительные присадки 
610 1 |a антикоррозионные присадки 
610 1 |a моющие присадки 
610 1 |a противоизносные присадки 
610 1 |a противозадирные присадки 
610 1 |a противопенные присадки 
610 1 |a смазочные масла 
610 1 |a нагарообразование 
610 1 |a лакообразование 
610 1 |a осадкообразование 
610 1 |a загущенные масла 
610 1 |a автотракторные масла 
610 1 |a дизельные масла 
610 1 |a трансмиссионные масла 
610 1 |a пластичные смазки 
610 1 |a технические жидкости 
610 1 |a антиобледенительные жидкости 
675 |a 621.43-72  |v 3 
675 |a 665.521  |v 3 
675 |a 629.136.34-6  |v 3 
702 1 |a Папок  |b К. К.  |g Константин Карлович  |4 340 
702 1 |a Семенидо  |b Е. Г.  |4 340 
801 1 |a RU  |b 63413507  |c 20070301  |g PSBO 
801 2 |a RU  |b 63413507  |c 20080312  |g PSBO 
942 |c BK